| 000 | 00626nam a2200181 4500 | ||
|---|---|---|---|
| 001 | 113806 | ||
| 003 | ES-MaACL | ||
| 005 | 20250701063143.0 | ||
| 007 | t| | ||
| 008 | 061121s1911 sp r |||| | spa d | ||
| 100 | 1 |
_aNombela y Campos, Julio, _d1866-1908 _985933 |
|
| 245 | 1 | 0 |
_aLabor intelectual / _cJulio Nombela y Campos. |
| 260 |
_aMadrid : _bLa Última Moda, _c1911 ( _fImp. de La Última moda) |
||
| 300 |
_a2 v. : _bretr. del autor ; _c19 cm. |
||
| 505 | 8 | _aContiene: V. 1. Crítica filosófica, literaria, social - V. 2 . Cultura portuguesa | |
| 852 |
_aES-MaACL _jF-1611-12 |
||
| 999 |
_c113806 _d113806 |
||